Detalles MARC
| 000 -CABECERA |
| Longitud fija campo de control |
02628nam a2200373 c 4500 |
| 001 - NÚMERO DE CONTROL |
| Número de control |
53302 |
| 003 - IDENTIFICADOR DE NÚMERO DE CONTROL |
| Identificador del número de control |
ES-MaCES |
| 005 - FECHA Y HORA DE LA ÚLTIMA TRANSACCIÓN |
| Fecha y hora de la última transacción |
20250203133055.0 |
| 008 - CAMPO FIJO DE DESCRIPCIÓN FIJA--INFORMACIÓN GENERAL |
| Códigos de información de longitud fija |
240805s2024 uk d s o000 | en d |
| 020 ## - ISBN (INTERNATIONAL STANDARD BOOK NUMBER) |
| Número Internacional Normalizado para Libros (ISBN) |
9781800818941 |
| 040 ## - FUENTE DE CATALOGACIÓN |
| Centro catalogador de origen |
ES-MaCES |
| Lengua de catalogación |
spa |
| Centro transcriptor |
ES-MaCES |
| 100 1# - ENCABEZAMIENTO PRINCIPAL--NOMBRE PERSONAL |
| 9 (RLIN) |
41129 |
| Nombre de persona |
Goodall, Chris |
| 245 10 - MENCIÓN DE TÍTULO |
| Título |
Possible |
| Resto del título |
: ways to net zero |
| Mención de responsabilidad, etc. |
Chris Goodall |
| 260 ## - PUBLICACIÓN, DISTRIBUCIÓN, ETC (PIE DE IMPRENTA) |
| Lugar de publicación, distribución, etc. |
London |
| Nombre del editor, distribuidor, etc. |
Profile Books |
| Fecha de publicación, distribución, etc. |
2024 |
| 300 ## - DESCRIPCIÓN FÍSICA |
| Extensión |
368 p. |
| Dimensiones |
20 cm |
| Otras características físicas |
fot., il. bl. y n. |
| 500 ## - NOTA GENERAL |
| Nota general |
Índices |
| 520 3# - RESUMEN, ETC. |
| Sumario, etc, |
Eliminar los combustibles fósiles de nuestro sistema energético es tecnológicamente factible... y debemos estar seguros de que estas medidas para luchar contra el cambio climático también conducirán a beneficios grandes e inmediatos en nuestra salud diaria. Un futuro carbono neutral es posible: tenemos la tecnología para transformar la economía global y protegernos contra los peores efectos del cambio climático. Entonces, ¿cómo llegamos al cero neto? En "Possible", el emprendedor y consultor de tecnología climática Chris Goodall aborda dieciséis desafíos que debemos superar para realizar una transición justa hacia la neutralidad de carbono. Explora las tecnologías que resolverán estos desafíos: desde cambiar la forma en que se fabrican el acero, el cemento y el combustible hasta bloquear el carbono en suelos saludables y desde el almacenamiento de hidrógeno verde hasta la construcción de viviendas resilientes al clima. Con estudios de casos e historias de éxito de empresarios de todo el mundo, Goodall ilustra el increíble potencial de un futuro Net Zero, así como la determinación que necesitaremos para superar estos problemas. Las nuevas tecnologías destacadas incluyen H2 Green Steel de Suecia, el sustituto del cemento Fortera de California, el reciclaje de prenda a prenda de Hong Kong, la empresa finlandesa de turbinas Coolbrook, los combustibles electrónicos noruegos y la innovadora captura de CO2 del océano de Captura.<br/> |
| 541 ## - NOTA DE LA FUENTE INMEDIANTE DE ADQUISICIÓN |
| Forma de adquisición |
Compra |
| 650 #4 - ASIENTO SECUNDARIO DE MATERIA--TÉRMINO DE MATERIA |
| Término de materia o nombre geográfico como elemento inicial |
cambio climático |
| 9 (RLIN) |
30961 |
| 650 #4 - ASIENTO SECUNDARIO DE MATERIA--TÉRMINO DE MATERIA |
| Término de materia o nombre geográfico como elemento inicial |
degradación del medio ambiente |
| 9 (RLIN) |
30722 |
| 650 #4 - ASIENTO SECUNDARIO DE MATERIA--TÉRMINO DE MATERIA |
| Término de materia o nombre geográfico como elemento inicial |
evaluación del impacto ambiental |
| 9 (RLIN) |
30344 |
| 650 #4 - ASIENTO SECUNDARIO DE MATERIA--TÉRMINO DE MATERIA |
| Término de materia o nombre geográfico como elemento inicial |
fuente de energía |
| 9 (RLIN) |
27751 |
| 650 #4 - ASIENTO SECUNDARIO DE MATERIA--TÉRMINO DE MATERIA |
| Término de materia o nombre geográfico como elemento inicial |
conservación de los recursos |
| 9 (RLIN) |
28755 |
| 650 #4 - ASIENTO SECUNDARIO DE MATERIA--TÉRMINO DE MATERIA |
| Término de materia o nombre geográfico como elemento inicial |
nuevas tecnologías |
| 9 (RLIN) |
30788 |
| 650 #4 - ASIENTO SECUNDARIO DE MATERIA--TÉRMINO DE MATERIA |
| Término de materia o nombre geográfico como elemento inicial |
política energética |
| 9 (RLIN) |
29399 |
| 650 #4 - ASIENTO SECUNDARIO DE MATERIA--TÉRMINO DE MATERIA |
| Término de materia o nombre geográfico como elemento inicial |
energía renovable |
| 9 (RLIN) |
30979 |
| 650 #4 - ASIENTO SECUNDARIO DE MATERIA--TÉRMINO DE MATERIA |
| Término de materia o nombre geográfico como elemento inicial |
recursos renovables |
| 9 (RLIN) |
29826 |
| 650 #4 - ASIENTO SECUNDARIO DE MATERIA--TÉRMINO DE MATERIA |
| Término de materia o nombre geográfico como elemento inicial |
desarrollo sostenible |
| 9 (RLIN) |
30785 |
| 650 #4 - ASIENTO SECUNDARIO DE MATERIA--TÉRMINO DE MATERIA |
| Término de materia o nombre geográfico como elemento inicial |
desarrollo económico y social |
| 9 (RLIN) |
29234 |
| 650 #4 - ASIENTO SECUNDARIO DE MATERIA--TÉRMINO DE MATERIA |
| Término de materia o nombre geográfico como elemento inicial |
estudio de casos |
| 9 (RLIN) |
28846 |
| 653 10 - TÉRMINO DE INDEXACIÓN--NO CONTROLADO |
| Término no controlado |
Economía |
| 902 ## - CES. TIPO DE DOCUMENTO |
| Tipodoc (006$c Sirtex) |
LIB Libro |
| 942 ## - ELEMENTOS KOHA |
| Fuente de clasificaión o esquema |
Clasificación propia del CES |
| Koha [por defecto] tipo de item |
Monografías |
| Parte de clasificación |
Economía |